000 01934cam a2200313 i 4500
001 18065276
003 EG-ScBUE
005 20250310090308.0
008 140304s2014 enka f b f001 0 eng d
020 _a9781107034297
040 _aOU/DLC
_beng
_erda
_cOU
_dDLC
_dEG-ScBUE
082 0 4 _a530.12
_222
_bJAR
100 1 _aJaroszkiewicz, George,
_eauthor.
245 1 0 _aPrinciples of discrete time mechanics /
_cGeorge Jaroszkiewicz, University of Nottingham.
264 1 _aCambridge ;
_aNew York :
_bCambridge University Press,
_c2014.
300 _axiv, 365 pages :
_billustrations ;
_c26 cm.
336 _2rdacontent
_atext
_btxt
337 _aunmediated
_2rdamedia
_bn
338 _avolume
_bnc
_2rdacarrier
490 0 _aCambridge monographs on mathematical physics
504 _aIncludes bibliographical references and index.
505 0 _aThe physics of discreteness -- The road to calculus -- Temporal discretization -- Discrete time dynamics architecture -- Some models -- Classical cellular automata -- The action sum -- Worked examples -- Lee's approach to discrete time mechanics -- Elliptic billiards -- The construction of system functions -- The classical discrete time oscillator -- Type 2 temporal discretization -- Discrete time quantum mechanics -- The quantized discrete time oscillator -- Path integrals -- Quantum encoding -- Discrete time classical field equations -- The discrete time Schrodinger equation -- The discrete time Klein-Gordon equation -- The discrete time Dirac equation -- Discrete time Maxwell's equations -- The discrete time Skyrme model -- Discrete time quantum field theory -- Interacting discrete time scalar fields -- Space, time and gravitation -- Causality and observation -- Concluding remarks.
650 7 _aQuantum theory
_xMathematics.
_2BUEsh
650 7 _aMechanics.
_2BUEsh
651 _2BUEsh
653 _bENGELC
_cOctober2016
655 _vReading book
942 _2ddc
_cBB
999 _c22850
_d22822